• 首页
  • 本馆介绍
  • 公告通知
  • 最新文献
  • 馆藏检索
  • 电子资源
  • 读者导购
  • 参考咨询
  • 我的图书馆
  • 登录
  • 详细信息显示
  • 放入我的书架
  • 预约/预借图书
  • 作者相关作品
  • 分类相关作品
  • 丛书相关作品
  • 出版社相关作品

书目信息

  • 表格格式
  • 工作单格式
  • 卡片格式
题名:
西方管乐的演奏艺术理论
    
 
作者: 张雪 著
分册:  
出版信息: 北京   现代出版社  2020.2
页数: 115页
开本: 21cm
丛书名:
单 册:
中图分类: J621.06
科图分类:
主题词: 西乐器--管乐--吹奏法
电子资源:
ISBN: 978-7-5143-7751-4
000 01010nam0 2200253 45
001 012001000626
005 20130909110852.0
010    @a978-7-5143-7751-4@dCNY29.80
099    @aCAL 012020146722
100    @a20200702d2020 em y0chiy0110 ea
101 0  @achi
102    @aCN@b110000
105    @aa a 000yy
106    @ar
200 1  @a西方管乐的演奏艺术理论@Axi fang guan yue de yan zou yi shu li lun@f张雪著
210    @a北京@c现代出版社@d2020.2
215    @a115页@c图@d21cm
320    @a有书目
330    @a本书先是分析了西方管乐器的共性, 包括它们的发展历程、组织构成、发音、艺术特点等。针对各个乐器的性能、把位与指法、演奏技法以及在管乐队中的配器运用等。该书着眼于系统全面的宏观角度, 同时在具体内容上又做到了翔实、细致。对于每一种管乐器的演奏论述, 既注重其理论, 又深入研究它的演奏实践与编配应用, 因而使本书具有一定的学术价值。
606 0  @a西乐器@x管乐@x吹奏法
690    @aJ621.06@v5
701  0 @a张雪@Azhang xue@4著
801    @aCN@b江苏凤凰@c20211018
905    @b1340392-5@dJ621.06@e489@f4
    
    西方管乐的演奏艺术理论/张雪著.-北京:现代出版社,2020.2
    115页:图;21cm
    
    
    ISBN 978-7-5143-7751-4:CNY29.80
    本书先是分析了西方管乐器的共性, 包括它们的发展历程、组织构成、发音、艺术特点等。针对各个乐器的性能、把位与指法、演奏技法以及在管乐队中的配器运用等。该书着眼于系统全面的宏观角度, 同时在具体内容上又做到了翔实、细致。对于每一种管乐器的演奏论述, 既注重其理论, 又深入研究它的演奏实践与编配应用, 因而使本书具有一定的学术价值。
●
相关链接 在E读中查询图书 在五车中查询图书 在当当中查询图书 在豆瓣中查询图书


正题名:西方管乐的演奏艺术理论     索取号:J621.06/489         预约/预借

序号 登录号 条形码 馆藏地/架位号 状态 备注
1 1340392   213403921   第一样本阅览室/ [索取号:J621.06/489] 在馆    
2 1340393   213403930   第一借阅区/ [索取号:J621.06/489] 在馆    
3 1340394   213403949   第一借阅区/ [索取号:J621.06/489] 在馆    
4 1340395   213403958   第一借阅区/ [索取号:J621.06/489] 在馆    
唐山师范学院图书馆 欢迎您!
大连网信软件有限公司© 版权所有